header

Pompeii (Record no. 205503)

MARC details
000 -LEADER
fixed length control field 01308nam a2200337Ia 4500
100 1# - MAIN ENTRY--AUTHOR NAME
Personal name Beard, Mary,
245 10 - TITLE STATEMENT
Title Pompeii
260 ## - PUBLICATION, DISTRIBUTION, ETC. (IMPRINT)
Place of publication London :
Name of publisher Profile,
Year of publication 2009, c2008.
300 ## - PHYSICAL DESCRIPTION
Number of Pages 360 p., [16] p. of plates :
Other physical details ill. (some col.), maps, plans.
650 #0 - SUBJECT ADDED ENTRY--TOPICAL TERM
Topical Term Extinct cities
856 40 - ELECTRONIC LOCATION AND ACCESS
Uniform Resource Identifier http://site.ebrary.com/lib/rucke/Doc?id=10387125

No items available.

© 2026 Rongo University
Contact us: librarian | system librarian | Rongo university